000 00370pab a2200157 454500
008 180718b1999 xxu||||| |||| 00| 0 eng d
100 _aMehra, Ajay K.
245 _aCoalition culture
260 _c1999
300 _ap.9
362 _a13 May
650 _aIndia - Politics and government
650 _aPolitics and government
773 _aPioneer
909 _a42315
999 _c42315
_d42315